[Event "Mittelfranken-chT 0405"]
[Site "Germany"]
[Date "2005.01.23"]
[Round "5.6"]
[White "Frank, Werner1111"]
[Black "Hautmann, Peter"]
[Result "1-0"]
[WhiteElo "1892"]
[BlackElo "1709"]
[PlyCount "67"]
[EventDate "2004.10.17"]
[EventType "team"]
[EventRounds "9"]
[EventCountry "GER"]
[SourceTitle "EXT 2007"]
[Source "ChessBase"]
[SourceDate "2006.11.23"]
[SourceVersion "1"]
[SourceVersionDate "2006.11.23"]
[SourceQuality "1"]

1. d4 d5 2. Bf4 Nf6 3. e3 e6 4. c3 Be7 5. Nf3 0-0 6. Bd3 Nbd7 7. Nbd2 Nh5 8. Bg3 Nxg3 9. hxg3 g6 10. Ne5 Nxe5 11. dxe5 f5 12. f4 Rf7 13. g4 Bh4+ 14. Kf1 Be7 15. gxf5 exf5 16. Qf3 Be6 17. Ke2 c5 18. Rad1 Rb8 19. Qh3 b5 20. Qh2 d4 21. cxd4 cxd4 22. e4 fxe4 23. Bxe4 Rg7 24. Qg3 Bc4+ 25. Kf2 Bc5 26. Nb3 Qb6 27. Bd3 a5 28. Rc1 Bxb3 29. axb3 Bb4 30. Qf3 Rd8 31. Rc6 Qb8 32. Rhc1 Bd2 33. R1c5 Rf7 34. g3 1-0